[Event "GER-chT U16"]
[Site "Lingen"]
[Date "2015.12.29"]
[Round "5.4"]
[White "Hassemeier, Mika"]
[Black "Karabueguel, Okan"]
[Result "0-1"]
[WhiteElo "1748"]
[BlackElo "1541"]
[PlyCount "80"]
[EventDate "2015.12.27"]
[EventType "team-swiss"]
[EventRounds "7"]
[EventCountry "GER"]
[SourceTitle "EXT 2017"]
[Source "ChessBase"]
[SourceDate "2016.10.25"]
[SourceVersion "1"]
[SourceVersionDate "2016.10.25"]
[SourceQuality "1"]
[WhiteTeam "Hoyerswerda"]
[BlackTeam "Horst Emscher"]
[WhiteTeamCountry "GER"]
[BlackTeamCountry "GER"]

1. d4 d5 2. c4 c6 3. Nc3 Nf6 4. Nf3 dxc4 5. a4 Bf5 6. Nh4 Bg4 7. h3 Bh5 8. Nf5 e6 9. Ng3 Bg6 10. e4 Bb4 11. e5 Nd5 12. Bd2 Bxc3 13. Bxc3 b5 14. axb5 cxb5 15. Ba5 Qh4 16. b3 0-0 17. bxc4 bxc4 18. Bxc4 Ne3 19. fxe3 Qxg3+ 20. Kf1 Qxe3 21. Qd2 Qxd2 22. Bxd2 Rd8 23. Be3 Nc6 24. Bf2 Be4 25. Re1 Bg6 26. Rd1 Nxe5 27. Be2 Nc6 28. Bf3 Rac8 29. Ke2 Nb4 30. Rhe1 Rc2+ 31. Rd2 Rdc8 32. Rxc2 Rxc2+ 33. Ke3 Rxf2 34. Rc1 Rc2 35. d5 Rxc1 36. d6 Rc3+ 37. Kf4 Rd3 38. d7 Kf8 39. Be4 Bxe4 40. Kxe4 Rxd7 0-1

[Event "Ruhrgebiet Verbandsklasse Gruppe 2 1516"]
[Site "Germany"]
[Date "2015.11.29"]
[Round "4.8"]
[White "Wrona, Mathias"]
[Black "Karabueguel, Okan"]
[Result "0-1"]
[WhiteElo "1411"]
[BlackElo "1636"]
[PlyCount "38"]
[EventDate "2015.09.06"]
[EventType "team-tourn"]
[EventRounds "9"]
[EventCountry "GER"]
[SourceTitle "EXT 2022"]
[Source "ChessBase"]
[SourceDate "2021.10.06"]
[SourceVersion "1"]
[SourceVersionDate "2021.10.06"]
[SourceQuality "1"]
[WhiteTeam "Ickern"]
[BlackTeam "Horst Emscher II"]
[WhiteTeamCountry "GER"]
[BlackTeamCountry "GER"]

1. e4 e5 2. b3 Nf6 3. Nc3 Nc6 4. Nf3 Bb4 5. Nd5 Bc5 6. Nxf6+ Qxf6 7. Bb2 d6 8. Be2 Qg6 9. 0-0 Bg4 10. Ne1 h5 11. Kh1 0-0-0 12. f3 Be6 13. a3 h4 14. b4 Bb6 15. c3 f5 16. d4 f4 17. d5 h3 18. Bc4 hxg2+ 19. Nxg2 Rxh2+ 0-1

[Event "Dortmund Sparkassen op-B"]
[Site "Dortmund"]
[Date "2015.07.02"]
[Round "6"]
[White "Karabueguel, Okan"]
[Black "Baltic, Fatih"]
[Result "0-1"]
[WhiteElo "1682"]
[BlackElo "1875"]
[PlyCount "32"]
[EventDate "2015.06.27"]
[EventType "swiss"]
[EventRounds "9"]
[EventCountry "GER"]
[SourceTitle "CBM 167 Extra"]
[Source "ChessBase"]
[SourceDate "2015.09.14"]
[SourceVersion "1"]
[SourceVersionDate "2015.09.14"]
[SourceQuality "1"]

1. e4 c5 2. c3 d5 3. exd5 Nf6 4. Na3 Nxd5 5. Nf3 Nc6 6. Bc4 e6 7. 0-0 a6 8. d4 cxd4 9. Nxd4 Bxa3 10. bxa3 Nxc3 11. Qb3 Qxd4 12. Bb2 Na5 13. Bxc3 Nxb3 14. Bxd4 Nxd4 15. Rfd1 Nc6 16. Rd2 Ke7 0-1

[Event "Dortmund Sparkassen op-B"]
[Site "Dortmund"]
[Date "2015.06.27"]
[Round "1"]
[White "Karabueguel, Okan"]
[Black "Koellner, Christoph"]
[Result "0-1"]
[WhiteElo "1682"]
[BlackElo "1960"]
[PlyCount "50"]
[EventDate "2015.06.27"]
[EventType "swiss"]
[EventRounds "9"]
[EventCountry "GER"]
[SourceTitle "CBM 167 Extra"]
[Source "ChessBase"]
[SourceDate "2015.09.14"]
[SourceVersion "1"]
[SourceVersionDate "2015.09.14"]
[SourceQuality "1"]

1. e4 c5 2. c3 d5 3. exd5 Qxd5 4. Na3 Nf6 5. Nf3 e6 6. Bc4 Qd8 7. 0-0 Nc6 8. Nc2 Be7 9. d4 0-0 10. Ne5 Qc7 11. Bf4 Bd6 12. Re1 cxd4 13. cxd4 Nxe5 14. dxe5 Qxc4 15. Bg3 Be7 16. exf6 Bxf6 17. Na3 Qa6 18. Qb3 Bd7 19. Nc4 Bc6 20. Nd6 Bd5 21. Qc2 Rfd8 22. Ne4 Bxe4 23. Rxe4 Rac8 24. Qb3 Qc6 25. Rae1 Qxe4 0-1

[Event "Dortmund Sparkassen op-B"]
[Site "Dortmund"]
[Date "2014.07.14"]
[Round "3"]
[White "Karabueguel, Okan"]
[Black "Tuscher, Albin"]
[Result "0-1"]
[WhiteElo "1762"]
[BlackElo "1595"]
[PlyCount "58"]
[EventDate "2014.07.12"]
[EventType "swiss"]
[EventRounds "9"]
[EventCountry "GER"]
[SourceTitle "EXT 2022"]
[Source "ChessBase"]
[SourceDate "2021.10.06"]
[SourceVersion "1"]
[SourceVersionDate "2021.10.06"]
[SourceQuality "1"]

1. e4 c5 2. Nf3 Nc6 3. d4 cxd4 4. Nxd4 Nf6 5. Nc3 d6 6. Be3 a6 7. Be2 e5 8. Nb3 Be7 9. 0-0 0-0 10. f4 b5 11. a3 Bb7 12. Bf3 Qc7 13. Qe2 Rac8 14. Qf2 Qb8 15. Qg3 exf4 16. Bxf4 Ne5 17. Bh6 Ng6 18. Bg5 Ne5 19. Bxf6 Bxf6 20. Bh5 Ng6 21. Bg4 Rcd8 22. Bf5 Qc7 23. Rf3 Be5 24. Qg4 a5 25. Rh3 Qb6+ 26. Kh1 d5 27. Qh5 h6 28. g4 Nf4 29. Qg5 Nxh3 0-1